| 000 | 01160nam a22002297a 4500 | ||
|---|---|---|---|
| 001 | 2145 | ||
| 003 | DO-SdBNP | ||
| 005 | 20180214111135.0 | ||
| 007 | 2145 | ||
| 008 | 160614b 2007 dr |||| 00| 0 spa d | ||
| 020 | _a9789945161533 | ||
| 040 |
_aBPMSU _bspa _cBPMSU |
||
| 100 | _aOvalle, Lucía. | ||
| 245 |
_a Hacia una comprensión de las relaciones humanas : _bsu aplicación en el trabajo / _cLucía Ovalle ; |
||
| 250 | _a6a. ed. | ||
| 260 |
_aSanto Domingo : _bBúho, _c2007 _g(3a. reimpresión del 2014) |
||
| 300 |
_a200 p. : _bil.; _c24 cm. |
||
| 505 |
_a Contenidos:
_tIntroducción -- _tIntroducción a la sexta edición -- _t Relaciones humanas -- _t La personalidad y el conocimiento del yo -- _t La motivación y la conducta -- _t La comunicación -- _t La retroalimentación -- _t Conflicto y frustración -- _t La autoridad -- _t Trabajo en equipo -- _t El cambio -- _t Principales problemas de las relaciones humanas -- _t Principios generales para lograr adecuadas relaciones -- _t Actitudes que favorecen las relaciones humanas -- |
||
| 942 |
_2ddc _cBK |
||
| 945 | _aInventariado, 2018/ YL | ||
| 956 |
_aVMATEO _b10 _c20160614 _dBPMSU _f0069 |
||
| 999 |
_c10381 _d10381 |
||